=LDR 00000nam 2200000 4500 =001 INLIS000000000037980 =005 20130612143700 =008 ***********************************ind** =035 ##$$0010-061300000037980 =041 ##$$a ind =082 ##$$a 813 =090 ##$$a 813, Tan m =100 ##$$a Tansri, Meiliana K =245 ##$$a Mempelai Naga =260 ##$$a 2010 $b jakarta =300 ##$$a 247, 21 cm =650 ##$$a bacaan =850 ##$$a NBPNMAT